000 00697cab a2200241 4500
001 ABS54377
008 090401t1996 xxu||||| |||| 00| 0 eng d
035 _a(Sirsi) u10036
041 _aeng
245 _aSecondary legislation: definitions
260 _c1996
350 _a0
490 _aEstates Gazette
_v(9603) 20 January 1996, 118-119(2)
520 _a"Mainly for Students" article on the difference between statutory rules, orders and regulations.
650 _aORDERS IN COUNCIL
650 _aPRIMARY LEGISLATION
650 _aSECONDARY LEGISLATION
650 _aSTATUTORY INSTRUMENTS
650 _aTERTIARY LEGISLATION
690 _aLAW
942 _n0
948 _c04/03/1997
999 _c6306
_d6306